Statistics for Top 15 Countries with Covid-19 Deaths - 10 January 2021

Click here to take the quiz!

General Stats

  • This quiz has been taken 11 times
  • The average score is 15 of 23

Answer Stats

country% Correct
United Kingdom
100%
Brazil
91%
France
91%
Germany
91%
India
91%
Italy
91%
United States
91%
Mexico
82%
Spain
82%
Iran
73%
Russia
73%
Argentina
64%
Colombia
64%
Peru
55%
Belgium
45%
South Africa
45%
Bosnia and
Herzegovina
36%
Bulgaria
36%
Czechia
36%
Hungary
36%
Croatia
27%
North Macedonia
27%
Slovenia
27%

Score Distribution

Percentile by Number Answered

Percent of People with Each Score

Your Score History

You have not taken this quiz